| Tag |
First Indicator |
Second Indicator |
Subfields |
| LEADER |
00000cam a2200000Ii 4500 |
| 001 |
in00002195708 |
| 005 |
20151104082616.0 |
| 008 |
790419s1967 sduab 000 0 eng d |
| 029 |
1 |
|
|a NLGGC
|b 194659399
|
| 035 |
|
|
|a (OCoLC)ocm04872773
|
| 040 |
|
|
|a UND
|c UND
|d TXA
|d UtOrBLW
|
| 043 |
|
|
|a n-us-sd
|
| 049 |
|
|
|a TXAM
|
| 090 |
|
|
|a S599.S6
|b W47 1967
|
| 100 |
1 |
|
|a Westin, Fred C.
|
| 245 |
1 |
0 |
|a Soils of South Dakota /
|c Fred C. Westin, Leo F. Puhr, and George J. Buntley.
|
| 250 |
|
|
|a Rev.
|
| 264 |
|
1 |
|a Brookings, SD :
|b Agronomy Dept., Agricultural Experiment Station, South Dakota State University,
|c 1967.
|
| 300 |
|
|
|a 32 pages :
|b illustrations, maps ;
|c 28 cm.
|
| 336 |
|
|
|a text
|b txt
|2 rdacontent
|
| 337 |
|
|
|a unmediated
|b n
|2 rdamedia
|
| 338 |
|
|
|a volume
|b nc
|2 rdacarrier
|
| 490 |
1 |
|
|a Soil survey series ;
|v no. 3
|
| 500 |
|
|
|a "Definition of terms" pages [30]-32.
|
| 650 |
|
0 |
|a Soils
|z South Dakota.
|
| 700 |
1 |
|
|a Puhr, Leo F.
|q (Leo Francis),
|d 1902-
|
| 700 |
1 |
|
|a Buntley, George Jule.
|
| 810 |
1 |
|
|a United States.
|b Soil Conservation Service.
|t Soil survey, ser. 1967 ;
|v no. 3.
|
| 994 |
|
|
|a C0
|b TXA
|
| 999 |
|
|
|a MARS
|
| 999 |
f |
f |
|s 7b2384c6-dd3f-36f0-bbe7-4d400c2266fb
|i 6377d274-d2f7-3f19-b783-dc2f0ca16a2f
|t 0
|
| 952 |
f |
f |
|p normal
|a Texas A&M University
|b College Station
|c Sterling C. Evans Library
|d Evans: Maps (2nd floor)
|t 0
|e S599.S6 W47 1967
|h Library of Congress classification
|i unmediated -- volume
|m A14834914416
|
| 998 |
f |
f |
|a S599.S6 W47 1967
|t 0
|l Evans: Maps (2nd floor)
|